Villes de Chine (Avec de l'aide) - Statistiques

Statistiques générales
  • Ce quiz a été pris 3 423 fois
  • Le résultat moyen est 36 sur 100
Statistiques - réponses
Population (millions) Ville % Correct
6.85 Nan{kin}
96%
21.10 Pé{kin}
96%
30.90 Shang{hai}
90%
1.55 Zhu{hai}
90%
47.70 Can{ton}
87%
8.00 Wu{han}
84%
7.25 Hong {Kong}
80%
1.88 Huai'{an}
78%
1.23 Tai'{an}
78%
6.65 Xi'{an}
78%
1.03 Bao{ji}
72%
11.40 Tian{jin}
63%
9.60 Cheng{du}
62%
3.63 Ürüm{qi}
62%
10.00 Xia{men}
57%
2.68 Chang{zhou}
56%
3.93 Fu{zhou}
56%
8.30 Hang{zhou}
56%
2.80 Hui{zhou}
56%
1.04 Jin{zhou}
56%
2.85 Lan{zhou}
56%
1.92 Liu{zhou}
56%
2.08 Tai{zhou}
56%
1.02 Wan{zhou}
56%
5.90 Wen{zhou}
56%
2.55 Xu{zhou}
56%
1.78 Yang{zhou}
56%
4.68 Zheng{zhou}
56%
1.09 Zhu{zhou}
56%
7.05 Chong{qing}
49%
1.56 Da{qing}
49%
1.08 Ben{xi}
47%
2.10 Ci{xi}
47%
3.28 Wu{xi}
47%
4.45 Chang{sha}
45%
1.76 Huai{nan}
39%
3.95 Ji{nan}
39%
5.15 Har{bin}
36%
1.31 Wu{hu}
36%
5.70 Qing{dao}
35%
1.11 Qinhuang{dao}
35%
2.50 An{shan}
32%
2.88 Gui{yang}
32%
1.71 Heng{yang}
32%
1.96 Luo{yang}
32%
1.13 Ma'an{shan}
32%
1.17 Mian{yang}
32%
1.02 Nan{yang}
32%
7.65 Shen{yang}
32%
2.45 Tang{shan}
32%
1.56 Xiang{yang}
32%
1.20 Gui{lin}
31%
1.51 Ji{lin}
31%
3.95 Kun{ming}
31%
1.09 Mao{ming}
31%
3.35 Ning{bo}
26%
3.33 Zi{bo}
26%
1.72 Lin{yi}
25%
1.13 Zun{yi}
25%
4.50 Da{lian}
24%
1.57 Yi{wu}
24%
3.68 Nan{chang}
23%
3.20 Nan{ning}
23%
1.33 Xi{ning}
23%
1.15 Yi{chang}
23%
1.32 Huai{bei}
22%
4.55 He{fei}
21%
1.34 Xiang{tan}
21%
2.15 Bao{tou}
19%
1.36 Han{dan}
19%
7.95 Shan{tou}
19%
1.12 Chang{shu}
17%
1.52 Da{tong}
16%
2.68 Jiang{yin}
16%
1.95 Nan{tong}
16%
1.15 Qing{yuan}
16%
4.20 Tai{yuan}
16%
1.31 Xing{tai}
16%
2.10 Yan{tai}
16%
1.16 Zhan{jiang}
16%
1.06 Zhen{jiang}
16%
1.61 Bao{ding}
15%
3.70 Chang{chun}
15%
1.16 Beng{bu}
14%
1.04 Nan{chong}
14%
3.85 Shijia{zhuang}
14%
1.36 Pu{tian}
13%
1.06 Qiqi{har}
13%
1.25 Yan{cheng}
13%
1.78 Hoh{hot}
12%
1.60 Wei{fang}
12%
1.03 Chi{feng}
11%
1.80 Hai{kou}
11%
1.05 Kai{feng}
11%
1.08 Lianyun{gang}
11%
1.30 Xin{xiang}
11%
1.19 Zhangjia{kou}
11%
1.53 Yin{chuan}
8%
1.06 Ri{zhao}
6%
1.37 Jiao{zuo}
5%
Aucun quiz correspondant
Distribution des résultats
% des personnes avec chaque résultat
Percentile par nombre de réponses
Votre historique - résultats
Vous n’avez pas pris ce quiz